Online
Catalog

Eloy : (Record no. 884)

MARC details
000 -CABECERA
campo de control de longitud fija 00725cam a2200241 a 4500
001 - NÚMERO DE CONTROL
campo de control 000000890
005 - FECHA Y HORA DE LA ÚLTIMA TRANSACCIÓN
campo de control 20200929145432.0
008 - DATOS DE LONGITUD FIJA--INFORMACIÓN GENERAL
campo de control de longitud fija 941104s1966 gw 000 0 ger d
040 ## - FUENTE DE LA CATALOGACIÓN
Centro catalogador/agencia de origen DO-SdBNP
Lengua de catalogación spa
Centro/agencia transcriptor BNPHU
041 17 - CÓDIGO DE LENGUA
Código de lengua del texto/banda sonora o título independiente ger
Código de lengua original spa
082 ## - NÚMERO DE LA CLASIFICACIÓN DECIMAL DEWEY
Número de clasificación Ch863
Número de documento/Ítem D784e
100 1# - ENTRADA PRINCIPAL--NOMBRE DE PERSONA
Nombre de persona Droguett, Carlos,
Fechas asociadas al nombre 1912-1996
9 (RLIN) 3162
240 10 - TÍTULO UNIFORME
Título uniforme Eloy.
Lenguaje de la obra Alemán
245 10 - MENCIÓN DE TÍTULO
Título Eloy :
Resto del título Roman /
Mención de responsabilidad, etc. Carlos Droguett.
246 10 - FORMA VARIANTE DE TÍTULO
Título propio/Titulo breve Roman
260 ## - PUBLICACIÓN, DISTRIBUCIÓN, ETC.
Lugar de publicación, distribución, etc. Frankfurt am Main :
Nombre del editor, distribuidor, etc. Suhrkamp Verlagl,
Fecha de publicación, distribución, etc. 1966.
300 ## - DESCRIPCIÓN FÍSICA
Extensión 149 p. ;
Dimensiones 23 cm.
490 0# - MENCIÓN DE SERIE
Mención de serie Bibliothek Suhrkamp ;
Designación de volumen o secuencia no. 172
534 ## - NOTA SOBRE LA VERSIÓN ORIGINAL
Frase introductoria Título original en español:
Mención de título del original Eloy
650 #4 - PUNTO DE ACCESO ADICIONAL DE MATERIA--TÉRMINO DE MATERIA
Término de materia o nombre geográfico como elemento de entrada Novela chilena
9 (RLIN) 3163
650 #4 - PUNTO DE ACCESO ADICIONAL DE MATERIA--TÉRMINO DE MATERIA
Término de materia o nombre geográfico como elemento de entrada Literatura chilena
9 (RLIN) 3164
830 #0 - PUNTO DE ACCESO ADICIONAL DE SERIE-TÍTULO UNIFORME
Título uniforme Bibliothek Suhrkamp ;
Número de parte o sección de la obra no. 172
9 (RLIN) 3165
Holdings
Estado de retiro Estado de pérdida No para préstamo Código de colección Localización permanente Ubicación/localización actual Ubicación en estantería Fecha de adquisición Número de inventario Total de préstamos Signatura topográfica completa Código de barras Fecha visto por última vez Precio válido a partir de Tipo de ítem Koha
    Préstamo en sala Dominicana de Servicio Biblioteca Nacional Pedro Henríquez Ureña Biblioteca Nacional Pedro Henríquez Ureña Depósito 12.06.2009 LF1   Ch863 D784e 890-10 25.06.2020 25.06.2020 Libros y folletos

Powered by Koha